Most Densely Populated Cities In The World - Statistics

General Stats
  • This quiz has been taken 33 times
  • The average score is 4 of 14
Answer Stats
Population(/Square km) City % Correct
28,508 Mumbai
93%
28,410 Dhaka
80%
24,252 Kolkata
70%
41,515 Manila
63%
25,854 Chennai
57%
24,722 Bally
0%
28,240 Bnei Brak
0%
27,916 Caloocan
0%
41,436 Ebeye
0%
25,887 Le Pré-Saint-Gervais
0%
26,432 Levallois-Perret
0%
30,546 Pateros
0%
25,141 Saint-Mandé
0%
25,626 Vincennes
0%
No matching quizzes found
Score Distribution
Percent of People with Each Score
Percentile by Number Answered
Your Score History
You have not taken this quiz